Statistics for Guys and Dolls

Click here to take the quiz!

General Stats

  • This quiz has been taken 11 times
  • The average score is 7 of 12

Answer Stats

Answer% Correct
Barbie
100%
Dolly Parton
100%
Guy Fawkes
100%
Dolly the sheep
80%
Guy Pearce
80%
Dolly Levi
50%
Guy Ritchie
50%
Guy rope
50%
Kewpie doll
40%
Buddy Guy
30%
Guy, Arkansas
20%
Guy Sebastian
20%

Score Distribution

Percentile by Number Answered

Percent of People with Each Score

Your Score History

You have not taken this quiz